000 00662nam a2200181Ia 4500
008 151018s9999 xx 000 0 und d
082 _bRBASDV11140
_a891.463
100 _aदिनकर नीलकंठ देशपांडे
245 _aजंगलातील वेताळ
250 _b1
260 _bविश्वमोहिनी
_c1974
300 _a52
600 _aदिनकर नीलकंठ देशपांडे
630 _aजंगलातील वेताळ
700 _aदिनकर नीलकंठ देशपांडे
730 _aजंगलातील वेताळ
942 _cBOOK
999 _c1013491
_d1013488